000 00698cab a2200229 4500
001 ABS57047
008 090401t1997 xxu||||| |||| 00| 0 eng d
035 _a(Sirsi) u78243
041 _aeng
245 _aAlternative land use
260 _c1997
350 _a0
490 _aFarm Development Review
_v11(5) March 1997, (8) LOAN
520 _aArticles of interest to farmers. Covers management agreements, golf course trends, organic farming, hazel coppicing and film and television locations.
650 _aGOLF COURSES
650 _aHAZEL COPPICING
650 _aMANAGEMENT AGREEMENTS
650 _aORGANIC FARMING
690 _aRURAL PRACTICE
942 _n0
948 _c08/05/1997
999 _c49245
_d49245